Creatividad en el aula/
| Autor principal: | |
|---|---|
| Formato: | Livro |
| Idioma: | espanhol |
| Publicado em: |
San José, Costa Rica :
INIE,
2004
|
| Assuntos: |
MARC
| LEADER | 00000nam a2200000Ia 4500 | ||
|---|---|---|---|
| 008 | 170509b2004 cr ||||| |||| 00| | spa d | ||
| 999 | |c 1209 |d 1209 | ||
| 090 | |a DOC #78 | ||
| 100 | 1 | |a Romo Santos, Manuela |9 916 | |
| 245 | 1 | 0 | |a Creatividad en el aula/ |c Romo, Manuela |
| 260 | |a San José, Costa Rica : |b INIE, |c 2004 | ||
| 300 | |a 33 páginas | ||
| 500 | |a Taller Creatividad en el Aula organizado por el Instituto de Investigación en Educación | ||
| 650 | 1 | 4 | |a CREATIVIDAD |9 861 |
| 650 | 1 | 4 | |a NIÑOS |9 59 |
| 942 | |i 001651 |h DOC #78 |2 z |c 05 | ||
